Estadísticas para Provincias de Chile por Pista

Haz click aquí para intentar la prueba.

Estadísticas generales

  • Esta prueba ha sido intentada 11 veces
    (9 desde el último reinicio)
  • La puntuación promedio es 39 de 56

Estadísticas de respuestas

PistaProvincia% Correcto
Provincia en la que se encuentra el Valle de Azapa y las momias ChinchorroArica
100%
Provincia en la que se encuentra el Palacio de La MonedaSantiago
100%
Provincia en la que se celebra el Festival Internacional de la Canción de Viña del MarValparaíso
100%
Provincia con un famoso islote con forma de arco y donde se encuentra el Observatorio ParanalAntofagasta
86%
Provincia insular en la que se pueden encontrar palafitos e iglesias de maderaChiloé
86%
Provincia en la que desemboca en el río BiobíoConcepción
86%
Provincia de la que es originaria Gabriela MistralElqui
86%
Provincia más poblada de la Región de TarapacáIquique
86%
Provincia de la que es originario Pablo NerudaLinares
86%
Provincia que comparte nombre con una cordilleraLos Andes
86%
Provincia en la que se celebra el Festival de la Sandía de PaineMaipo
86%
Provincia más septentrional de ChileParinacota
86%
Provincia en la que se celebra la Fiesta de La TiranaTamarugal
86%
Provincia en la que se encuentra el "pueblo más seco del mundo" y en la que nació Alexis SánchezTocopilla
86%
Provincia en la que se encuentra el Castillo de NieblaValdivia
86%
Única provincia bicontinental de ChileAntártica Chilena
71%
Única provincia en Chile Continental en tener una bandera oficialArauco
71%
Provincia en la que se encuentra el Ventisquero Colgante, del Parque nacional QueulatAysén
71%
Provincia en la que se encuentra el Salto del LajaBiobío
71%
Provincia más austral del Norte Grande, perteneciente a la Región de AtacamaChañaral
71%
Provincia en la que se encuentra la turística Bahía InglesaCopiapó
71%
Provincia en la que se encuentra la ciudad más poblada de Chile sin contar área metropolitanaCordillera
71%
Provincia en la que se encuentra la capital de la Región de Aysén del General Carlos Ibáñez del CampoCoyhaique
71%
Provincia en la que está el Parque nacional Radal Siete TazasCuricó
71%
Provincia en la que están la Mina de Chuquicamata y el Valle de la LunaEl Loa
71%
Provincia de la que es capital la ciudad de VallenarHuasco
71%
Provincia conformada por una sola comuna en la que se encuentran unas grandes estatuas de piedraIsla de Pascua
71%
Provincia en la que se encuentra el Valle del Limarí y el Valle del EncantoLimarí
71%
Provincia en la que se encuentra el punto más austral de América (sin incluir islas)Magallanes
71%
Provincia en la que se encuentra parte del Parque Nacional La Campana y su entrada más cercana a ValparaísoMarga Marga
71%
Provincia en la que más se cultiva la Palta Negra de La CruzQuillota
71%
Provincia en la que se encuentra el puerto principal de ChileSan Antonio
71%
Provincia más pequeña de la Región MetropolitanaTalagante
71%
Provincia en la que se encuentra Constitución, la perla del MauleTalca
71%
Provincia que comparte nombre con una provincia argentinaTierra del Fuego
71%
Provincia en la que está la Cueva del Milodón y las Torres del PaineÚltima Esperanza
71%
Provincia en la que se encuentra la Ciudad Minera de SewellCachapoal
57%
Provincia con el nombre de un sacerdote en la que se encuentra Pichilemu, la capital mundial del surfCardenal Caro
57%
Provincia más pequeña de la región del MauleCauquenes
57%
Provincia en la que se encuentran las turísticas ciudades de Villarrica y PucónCautín
57%
Provincia en la que dio lugar la batalla que daría inicio a la Patria NuevaChacabuco
57%
Provincia en la que dicen que están los Brujos de SalamancaChoapa
57%
Provincia en la que está la conocida localidad de ChimbarongoColchagua
57%
Provincia de la que son las longanizas de ChillánDiguillín
57%
Única provincia de la Región del Ñuble con salida al marItata
57%
Provincia en la que se encuentra la mayor parte del Lago LlanquihueLlanquihue
57%
La mayor parte del Parque nacional Nahuelbuta está en esta provinciaMalleco
57%
Provincia en la que se fabrican los famosos chanchitos de greda de PomaireMelipilla
57%
Provincia en la que se encuentran Puerto Octay y PuyehueOsorno
57%
Provincia en la que se encuentra el volcán Chaitén, que hizo erupción en 2008Palena
57%
Provincia de la que son originarios los dulces de La LiguaPetorca
57%
Provincia en la que nació la artista, música, compositora y cantante Violeta ParraPunilla
57%
Provincia en la que se originó la compañía lechera "Colun"Ranco
57%
Provincia en la que se ubicaría la capital de la hipotética Región de AconcaguaSan Felipe de Aconcagua
57%
Provincia en la que se encuentra la localidad de Caleta TortelCapitán Prat
43%
Provincia en la que se encuentra el lago General Carrera/Buenos Aires/Chelenko, el más grande de ChileGeneral Carrera
43%

Distribución de puntuación

Porcentaje por número respondido

Porcentaje de gente con cada puntuación

Historial de tus puntuaciones

No has intentado esta prueba desde el último reinicio